| 000 | 01324nam a22003617a 4500 | ||
|---|---|---|---|
| 003 | CHAP | ||
| 005 | 20220329143203.0 | ||
| 008 | 061127d2006 mx ad r 00110 spa d | ||
| 010 | _a93071 | ||
| 011 | _a94043 | ||
| 035 | _a104627 | ||
| 040 | _cCHAP | ||
| 090 | _aTesis | ||
| 100 | 1 |
_aSuárez Santana, Juan Antonio. _9110726 |
|
| 245 | 1 | 0 |
_aFertilidad de los suelos y recomendación de fertilización en el rosal (Rosa sp) de Coatepec Harinas, Méx. _c/por Juan Antonio Suárez Santana |
| 260 |
_aChapingo, Méx. : _bEl autor, _c2006 |
||
| 300 |
_a67 h. : _bilus. ; cuadros |
||
| 502 | _aTesis (Ing. Agr. Esp. en Suelos) -- UACH. Departamento de Suelos | ||
| 590 |
_aALEPH _b10 _c20130110 _lUCH01 _h1515 |
||
| 590 |
_aBATCH-UPD _b10 _c20130110 _lUCH01 _h0801 |
||
| 590 |
_aBATCH-UPD _b10 _c20130410 _lUCH01 _h0439 |
||
| 590 |
_aBATCH-UPD _b10 _c20130914 _lUCH01 _h1919 |
||
| 590 |
_aCONVERSION _b10 _c20130109 _lUCH01 _h1351 |
||
| 650 | 1 | 4 |
_aPlantas _xFertilización. _988838 |
| 650 | 1 | 4 |
_aRosas. _999959 |
| 650 | 1 | 4 |
_aRosas _xMéxico (Edo.) _999980 |
| 650 | 1 | 4 |
_aSuelos _xFertilidad. _9110367 |
| 901 | _aBK | ||
| 905 | _aMarco A. Mendoza T. | ||
| 942 | _cFOLL | ||
| 949 |
_aTesis _bBC _cTES _d33724002008470 _eTS1 _gDonaciØn _h46083 _i104627 _sb |
||
| 949 |
_aTesis _bBC _cTES _d33724002008488 _eTS2 _fc.2 _gDonaciØn _h46084 _i104627 _si |
||
| 999 |
_c93071 _d93071 |
||